Normal view
MARC view
Entry Personal Name
001 - CONTROL NUMBER
- control field: 48966
003 - CONTROL NUMBER IDENTIFIER
- control field: ARRUPE
005 - DATE AND TIME OF LATEST TRANSACTION
- control field: 20200121143024.0
008 - FIXED-LENGTH DATA ELEMENTS
- fixed length control field: 200121|| aca||aabn | a|a d
040 ## - CATALOGING SOURCE
- Original cataloging agency: ARRUPE
- Transcribing agency: ARRUPE
100 ## - HEADING--PERSONAL NAME
- Personal name: Milford Haven, Victoria Alberta Elizabeth Mathilde Marie,
- Titles and other words associated with a name: Marchioness of,
- Dates associated with a name: 1863-1950.
670 ## - SOURCE DATA FOUND
- Source citation: Work cat.: (ARRUPE)0: Hough, Richard, 1922-1999. 48964, Louis & Victoria :, 1974.